Mathematical methods in chemical engineering (Record no. 25039)

000 -LEADER
fixed length control field 00548nam a22002051 4500
001 - CONTROL NUMBER
control field 25039
003 - CONTROL NUMBER IDENTIFIER
control field BD-DhUET
008 - FIXED-LENGTH DATA ELEMENTS--GENERAL INFORMATION
fixed length control field 730313s1963 xx 000 0 eng
040 ## - CATALOGING SOURCE
Original cataloging agency DLC
Transcribing agency OClU
Modifying agency BD-DhUET
082 ## - DEWEY DECIMAL CLASSIFICATION NUMBER
Classification number 660.28
Item number JEN/1963
100 ## - MAIN ENTRY--PERSONAL NAME
Personal name Jenson, V. G.
245 10 - TITLE STATEMENT
Title Mathematical methods in chemical engineering
250 ## - EDITION STATEMENT
Edition statement 1st ed.
260 ## - PUBLICATION, DISTRIBUTION, ETC. (IMPRINT)
Place of publication, distribution, etc. London
Name of publisher, distributor, etc. Academic Press
Date of publication, distribution, etc. 1963
300 ## - PHYSICAL DESCRIPTION
Extent xi, 556 p.
Other physical details illus.
Dimensions 24cm.
504 ## - BIBLIOGRAPHY, ETC. NOTE
Bibliography, etc Includes bibliographies
650 #0 - SUBJECT ADDED ENTRY--TOPICAL TERM
Topical term or geographic name as entry element Chemical engineering
700 ## - ADDED ENTRY--PERSONAL NAME
Personal name Jeffreys, G. V.
942 ## - ADDED ENTRY ELEMENTS (KOHA)
Koha item type General Book
Holdings
Piece designation (barcode) Source of classification or shelving scheme Koha date last seen Not for loan Koha normalized classification for sorting Damaged status Koha item type Koha full call number Sublocation or collection (holding branch) Shelving location Copy number Date acquired Price effective from Withdrawn status Lost status Location (home branch)
22438 2015-05-12 660_280000000000000_JEN_1963 General Book660.28/JEN/1963Central Library, BUETCirculation section12015-05-122015-05-12  Central Library, BUET
22440 2015-05-12 660_280000000000000_JEN_1963 General Book660.28/JEN/1963Central Library, BUETCirculation section22015-05-122015-05-12  Central Library, BUET
22434 2015-05-12 660_280000000000000_JEN_1963 General Book660.28/JEN/1963Central Library, BUETCirculation section32015-05-122015-05-12  Central Library, BUET
22432 2015-05-18 660_280000000000000_JEN_1963 General Book660.28/JEN/1963Central Library, BUETCirculation section42015-05-182015-05-18  Central Library, BUET
22435 2015-05-18 660_280000000000000_JEN_1963 General Book660.28/JEN/1963Central Library, BUETCirculation section52015-05-182015-05-18  Central Library, BUET
29450 2015-05-18 660_280000000000000_JEN_1963 General Book660.28/JEN/1963Central Library, BUETCirculation section62015-05-182015-05-18  Central Library, BUET
29449 2015-05-18 660_280000000000000_JEN_1963 General Book660.28/JEN/1963Central Library, BUETCirculation section72015-05-182015-05-18  Central Library, BUET
29448 2015-05-18 660_280000000000000_JEN_1963 General Book660.28/JEN/1963Central Library, BUETCirculation section82015-05-182015-05-18  Central Library, BUET
29457 2015-05-18 660_280000000000000_JEN_1963 General Book660.28/JEN/1963Central Library, BUETCirculation section92015-05-182015-05-18  Central Library, BUET
29454 2015-05-18 660_280000000000000_JEN_1963 General Book660.28/JEN/1963Central Library, BUETCirculation section102015-05-182015-05-18  Central Library, BUET
29453 2015-05-18 660_280000000000000_JEN_1963 General Book660.28/JEN/1963Central Library, BUETCirculation section112015-05-182015-05-18  Central Library, BUET
29451 2015-05-18 660_280000000000000_JEN_1963 General Book660.28/JEN/1963Central Library, BUETCirculation section122015-05-182015-05-18  Central Library, BUET
22431 2015-05-18 660_280000000000000_JEN_1963 General Book660.28/JEN/1963Central Library, BUETCirculation section132015-05-182015-05-18  Central Library, BUET
29452 2015-05-18 660_280000000000000_JEN_1963 General Book660.28/JEN/1963Central Library, BUETCirculation section142015-05-182015-05-18  Central Library, BUET
22436 2015-05-18 660_280000000000000_JEN_1963 General Book660.28/JEN/1963Central Library, BUETCirculation section152015-05-182015-05-18  Central Library, BUET
29456 2015-06-17 660_280000000000000_JEN_1963 Reading Item660.28/JEN/1963Central Library, BUETReading section162015-06-172015-06-17  Central Library, BUET
29455. 2015-06-18 660_280000000000000_JEN_1963 Reading Item660.28/JEN/1963Central Library, BUETReading section172015-06-182015-06-18  Central Library, BUET
22439 2015-07-10 660_280000000000000_JEN_1963 Reading Item660.28/JEN/1963Central Library, BUETReading section182015-07-102015-07-10  Central Library, BUET